<?xml version="1.0" encoding="UTF-8"?>
<record
    xmlns:xsi="http://www.w3.org/2001/XMLSchema-instance"
    xsi:schemaLocation="http://www.loc.gov/MARC21/slim http://www.loc.gov/standards/marcxml/schema/MARC21slim.xsd"
    xmlns="http://www.loc.gov/MARC21/slim">

  <leader>00974nam a22001937a 4500</leader>
  <controlfield tag="003">BR-ViAPE</controlfield>
  <controlfield tag="005">20260417132948.0</controlfield>
  <controlfield tag="008">260417s1938    por    gs||||s000 0 por d</controlfield>
  <datafield tag="040" ind1=" " ind2=" ">
    <subfield code="c">BR-ViAPE</subfield>
  </datafield>
  <datafield tag="110" ind1=" " ind2=" ">
    <subfield code="a">Esp&#xED;rito Santo</subfield>
    <subfield code="b">Estado</subfield>
  </datafield>
  <datafield tag="245" ind1=" " ind2=" ">
    <subfield code="a">Relat&#xF3;rio apresentado ao Governo do Estado e ao Departamento Nacional de Sa&#xFA;de P&#xFA;blica pelo Dr. Pedro Fontes, chefe do servi&#xE7;o de profilaxia da lepra e doen&#xE7;as ven&#xE9;reas no Estado do Esp&#xED;rito Santo, referente ao ano de 1938</subfield>
  </datafield>
  <datafield tag="260" ind1=" " ind2=" ">
    <subfield code="a">Vit&#xF3;ria</subfield>
    <subfield code="b">Tipografia Coelho</subfield>
    <subfield code="c">1938</subfield>
  </datafield>
  <datafield tag="300" ind1=" " ind2=" ">
    <subfield code="a">9 p.</subfield>
    <subfield code="b">Documento digitalizado (PDF)</subfield>
  </datafield>
  <datafield tag="500" ind1=" " ind2=" ">
    <subfield code="a">Documento digitalizado do acervo institucional do Arquivo P&#xFA;blico do Estado do Esp&#xED;rito Santo - APEES.</subfield>
  </datafield>
  <datafield tag="650" ind1=" " ind2=" ">
    <subfield code="x">Administra&#xE7;&#xE3;o p&#xFA;blica</subfield>
    <subfield code="z">Esp&#xED;rito Santo</subfield>
  </datafield>
  <datafield tag="651" ind1=" " ind2=" ">
    <subfield code="x">Relat&#xF3;rios governamentais</subfield>
    <subfield code="z">Esp&#xED;rito Santo</subfield>
  </datafield>
  <datafield tag="856" ind1=" " ind2=" ">
    <subfield code="u">https://ape.es.gov.br/Media/ape/PDF/Relatorios/1930/relatorio7%20-%20ano%201938.pdf</subfield>
    <subfield code="y">CLIQUE AQUI PARA ACESSAR O DOCUMENTO</subfield>
  </datafield>
  <datafield tag="942" ind1=" " ind2=" ">
    <subfield code="2">ddc</subfield>
    <subfield code="c">MSGREL</subfield>
    <subfield code="n">1</subfield>
  </datafield>
  <datafield tag="999" ind1=" " ind2=" ">
    <subfield code="c">512</subfield>
    <subfield code="d">512</subfield>
  </datafield>
  <datafield tag="952" ind1=" " ind2=" ">
    <subfield code="0">0</subfield>
    <subfield code="2">ddc</subfield>
    <subfield code="4">0</subfield>
    <subfield code="7">0</subfield>
    <subfield code="a">BIB.APEES</subfield>
    <subfield code="b">BIB.APEES</subfield>
    <subfield code="d">2026-04-17</subfield>
    <subfield code="l">0</subfield>
    <subfield code="r">2026-04-17 13:29:51</subfield>
    <subfield code="w">2026-04-17</subfield>
    <subfield code="y">MSGREL</subfield>
  </datafield>
</record>
